000 00754nam a22001817a 4500
005 20120206154837.0
008 120206s2011 ua|||||r|||| 00| 0 ara d
020 _a9789770930427
082 _222
_a219.3
_bب ش ر
100 _916307
_aالبشرى ، طارق
245 _aنحو تيار أساسي للأمة /
_cطارق البشري.
260 _aالقاهرة :
_bدار الشروق،
_c2011.
300 _a75 ص. ؛
_c24 سم.
650 _98602
_aالاسلام والاصلاح السياسى
653 _bAra
_cFebruary2012
942 _2ddc
_cBB
999 _c16401
_d16401